000 00436nam a22001577a 4500
003 OSt
008 230420b |||||||| |||| 00| 0 eng d
020 _a97881857331711
082 _a615.19 RAP
100 _aRAO,P.Gundu
245 _aPharmaceutical and medicinal inorganic chemistry: inorganic pharmaceutical chemistry
260 _aDelhi
_bVallabh Pub.
300 _axvi,486
650 _aPharmaceutical chemistry
942 _2ddc
_cBK
999 _c11978
_d11978